00501nam a2200157Ia 4500008004100000020001500041041000800056082001700064100002100081245002900102260004800131300001300179650002200192999001900214952011000233210716s1966 xx 000 0 und d a0268018553 aeng a230.007 AQUT aAquinas, Thomas. aTreatise on the virtues. aU S AbUniversity of Notre Dame Pressc1966 axvii,171 aGeneral Knowledge c206425d206425 001040708MBAaAIMITbAIMITd2011-02-14l0o230.007 AQUTpMBA08991r2026-05-23 00:00:00w2021-07-16yBK